Parole "tout réparer" de la reine des neiges 2 - Statistiques

Statistiques générales
  • Ce quiz a été pris 58 fois
  • Le résultat moyen est 160 sur 212
Statistiques - réponses
Hint Réponse % Correct
2 | 10 | 29 | +3 others ai
100%
45 | 205 d'
100%
1 | 9 | 28 | 168 J'
100%
13 | 135 | 154 | +2 others le
100%
80 | 183 Le
100%
56 m'
100%
15 s'
100%
83 t'
100%
53 ce
96%
17 | 37 | 58 | 210 de
96%
123 es
96%
33 | 104 | 134 | +3 others je
96%
88 | 125 | 137 | +2 others Je
96%
86 | 115 la
96%
186 là,
96%
34 | 71 | 122 n'
96%
6 | 73 | 144 pas
92%
159 pas,
92%
188 qu'
92%
4 des
88%
52 | 156 Et
88%
120 | 209 et
88%
66 ma
88%
59 | 102 | 150 me
88%
89 | 99 | 142 | 194 ne
88%
36 | 91 | 101 | 196 plus
88%
124 plus.
88%
39 | 107 Tu
88%
76 | 98 | 117 | 121 tu
88%
18 | 41 | 109 | 111 mon
84%
32 que
84%
19 âme.
80%
7 | 207 cette
80%
198 comme
80%
8 douleur.
80%
40 | 108 | 118 étais
80%
84 il
80%
164 Il
80%
77 | 100 | 126 | +2 others peux
80%
55 qui
80%
79 | 128 | 140 | +2 others réparer.
80%
11 | 92 | 95 si
80%
23 | 26 ta
80%
78 | 119 | 127 | +3 others tout
80%
20 | 113 Comment
76%
3 connu
76%
31 pleuré,
76%
90 | 192 sais
76%
136 sais.
76%
93 | 96 | 132 c'est
72%
147 C'est
72%
16 empare
72%
12 froid
72%
38 larmes.
72%
24 lumière,
72%
61 | 200 Mais
72%
152 | 187 mais
72%
5 malheurs,
72%
42 soleil,
72%
172 soleil
72%
30 tant
72%
44 ciel
68%
178 ciel.
68%
46 été.
68%
175 les
68%
22 | 25 | 69 sans
68%
14 vide
68%
85 après
64%
54 chagrin,
64%
163 choix ?
64%
204 choix
64%
27 douceur.
64%
185 est
64%
157 faire
64%
81 | 184 jour
64%
173 pour
64%
60 relever.
64%
43 | 158 un
64%
21 vivre
64%
167 avancer.
60%
199 avant.
60%
148 | 166 bien
60%
171 | 177 du
60%
165 faut
60%
97 faux,
60%
57 interdit
60%
47 Mes
60%
87 nuit.
60%
195 sera
60%
105 suis
60%
74 ton
60%
64 | 208 voix
60%
94 vrai
60%
133 vrai,
60%
103 guider,
56%
106 perdu.
56%
63 petite
56%
112 renouveau.
56%
193 rien
56%
149 trop
56%
62 une
56%
145 au
52%
170 besoin
52%
151 demander
52%
202 fais
52%
116 force
52%
197 jamais
52%
131 Oui,
52%
67 peine.
52%
48 questions
52%
82 viendra
52%
206 écouter
48%
110 étoile,
48%
189 importe,
48%
146 loin.
48%
190 maintenant
48%
72 oublie
48%
50 resteront
48%
114 trouver
48%
65 apaise
44%
49 désormais
44%
75 devoir,
44%
174 ouvrir
44%
176 portes
44%
143 regarde
44%
51 vaines.
44%
129 Lentement,
40%
68 Égarée,
36%
70 espoirs
36%
153 affronter
32%
155 lendemain.
32%
130 doucement
28%
Aucun quiz correspondant
Distribution des résultats
% des personnes avec chaque résultat
Percentile par nombre de réponses
Votre historique - résultats
Vous n’avez pas pris ce quiz